000 00668nam a2200217Ia 4500
003 OSt
005 20240917155011.0
008 220927b |||||||| |||| 00| 0 eng d
020 _a9780415474610
037 _b148, 25/10/2010, Pioneer Book Distributors
040 _aSDCL
_cSDCL
_beng
041 _2eng
_aeng
082 _aRxM72,LA Q0
100 _aRussell, Bertrand
245 0 _aPhilosophy of logical atomism.
260 _aLondon:
_bRoutledge,
_c2010.
300 _axli,162p.
_ccm.
650 _aPhilosophy
942 _hRxM72,LA Q0
_cTEXL
_2CC
999 _c774336
_d774336